| 000 | 00788nam a22002657a 4500 | ||
|---|---|---|---|
| 003 | DO-SdBNP | ||
| 005 | 20230314114345.0 | ||
| 008 | 171024b 2009 mx|| 00| 0 spa d | ||
| 020 | _a9786074292237 | ||
| 040 |
_aBPMSU _bspa _cBPMSU |
||
| 082 | 4 |
_aB869.3 _bC672o 2009 _222 |
|
| 100 | 1 |
_aCoelho, Paulo _d1947- |
|
| 245 | 1 | 0 |
_aOnce minutos / _cPaulo Coelho ; traducción Ana Belén Costas |
| 260 |
_aMéxico : _bSant Jordi ; _c2009. |
||
| 300 |
_a291 p. ; _c18 cm. |
||
| 490 | 0 |
_aDebolsillo _3 |
|
| 534 |
_aTítulo original : _tOnze minutos. |
||
| 586 | _aBest Seller | ||
| 590 | _6Inventariado, 2023/VM | ||
| 650 | 4 | _a Novela brasileña | |
| 650 | 4 |
_aProstitución _vNovela. |
|
| 700 | 1 |
_aBelén Costas, Ana, _etr. |
|
| 910 | _aVMateo V. Control de calidad (BPMSU) | ||
| 942 |
_2ddc _cBK |
||
| 999 |
_c12687 _d12687 |
||